000 00660nam a2200169 4500
001 137790
003 ES-MaACL
007 t|
008 070214s1954 sp r ||||1| spa d
100 1 _aSalinas Quijada, Francisco.
_9101950
245 1 3 _aEl Padre de Huérfanos de Navarra /
_cpor Francisco Salinas Quijada ; prólogo del Ilmo. Sr. D. José Guallart y López de Goicoechea.
260 _aPamplona :
_bConsejo de Estudios de Derecho Navarro,
_c1954.
300 _a211, CXCIX, 8 lám. ;
_c22 cm.
700 1 _aGuallart y López de Goicoechea, José.
_960297
710 2 _aConsejo de Estudios de Derecho Navarro.
_93185
852 _aES-MaACL
_jC-9229
_bR.37119
999 _c137790
_d137790